Online Catalogue and eLibrary

Packaging : (Record no. 3058)

MARC details
000 -LEADER
fixed length control field 00430nam a2200169Ia 4500
005 - DATE AND TIME OF LATEST TRANSACTION
control field 20240924073937.0
008 - FIXED-LENGTH DATA ELEMENTS--GENERAL INFORMATION
fixed length control field 240331s9999 xx 000 0 und d
082 ## - DDC Classification
Item Number - Author Mark PAC
Class No. 641.4
100 ## - MAIN ENTRY--PERSONAL NAME
Personal name UNIFEM
245 #0 - TITLE STATEMENT
Title Packaging :
Remainder of title food cycle technology source book No.7
260 ## - PUBLICATION, DISTRIBUTION, ETC.
Place of publication, distribution, etc. New York
Name of publisher, distributor, etc. UNIFEM
Date of publication, distribution, etc. 1993
300 ## - PHYSICAL DESCRIPTION
Extent (e.g. Volumes, Pages etc.) 48 p .,
650 ## - SUBJECT ADDED ENTRY--TOPICAL TERM
Topical term or geographic name entry element Women
650 ## - SUBJECT ADDED ENTRY--TOPICAL TERM
Topical term or geographic name entry element Food Cycle Technology
650 ## - SUBJECT ADDED ENTRY--TOPICAL TERM
Topical term or geographic name entry element Food Packing System
942 ## - Koha item type (Biblio)
Koha item type Books in Stacks (Lending)
Holdings
Lost status Damaged status Collection code Home library Current library Shelving location Date acquired Full call number Accession Number Item type
    Lending WERC Library WERC Library Social Science Cupboard 03/31/2024 641.4 PAC 1854 Books in Stacks (Lending)

© WERC Library